[Event "FRA T II 20102011"]
[Site "FRA"]
[Date "2010.11.14"]
[Round "3.2"]
[White "Wallart, Adrien"]
[Black "Benoit, Michel"]
[Result "1-0"]
[WhiteElo "2207"]
[BlackElo "2216"]
[PlyCount "119"]
[EventDate "2010.11.13"]
[EventType "team-match"]
[EventRounds "9"]
[EventCountry "FRA"]
[Source "FFE"]
[SourceDate "2010.10.29"]
[WhiteTeamCountry "FRA"]
[BlackTeamCountry "FRA"]

1. c4 d6 2. g3 g6 3. Bg2 Bg7 4. Nc3 Nf6 5. Nf3 Nc6 6. d3 O-O 7. Rb1 Bg4 8. b4
e5 9. b5 Nd4 10. Nd2 Qc8 11. h3 Bd7 12. e3 Ne6 13. Nd5 Nxd5 14. cxd5 Nc5 15.
Nc4 Qe8 16. Ba3 Bxb5 17. Bxc5 dxc5 18. Qb3 Ba4 19. Qa3 b6 20. O-O Bd7 21. Kh2
f5 22. Rfe1 e4 23. Nd2 Qe5 24. dxe4 Qc3 25. Qc1 Rae8 26. f4 fxe4 27. Nxe4 Qxc1
28. Rbxc1 Bf5 29. Nc3 Bxc3 30. Rxc3 Be4 31. Rd1 Rf6 32. Bxe4 Rxe4 33. Kg2 Ra4
34. Rd2 Rd6 35. Kf3 Kf7 36. e4 Ke7 37. e5 Rd7 38. Ke3 Rb4 39. Ra3 Rb1 40. Ke4
Rh1 41. g4 Re1+ 42. Re3 Rc1 43. f5 Rc4+ 44. Kf3 Rd4 45. f6+ Ke8 46. Rxd4 cxd4
47. Re1 Rxd5 48. e6 Ra5 49. Ke4 Ra3 50. Kxd4 Rf3 51. Ke5 a5 52. Rc1 Re3+ 53.
Kd5 Rd3+ 54. Ke4 Rd2 55. f7+ Kf8 56. Rxc7 Re2+ 57. Kd5 Rd2+ 58. Ke5 Re2+ 59.
Kf6 Rf2+ 60. Kg5 1-0

[Event "FRA T II 20102011"]
[Site "FRA"]
[Date "2010.11.14"]
[Round "3.7"]
[White "Vignier, Pascal"]
[Black "Masztalir, Matthieu"]
[Result "1/2-1/2"]
[WhiteElo "2016"]
[BlackElo "2005"]
[PlyCount "114"]
[EventDate "2010.11.13"]
[EventType "team-match"]
[EventRounds "9"]
[EventCountry "FRA"]
[Source "FFE"]
[SourceDate "2010.10.29"]
[WhiteTeamCountry "FRA"]
[BlackTeamCountry "FRA"]

1. e4 c5 2. Nf3 e6 3. c3 d5 4. exd5 Qxd5 5. d4 Nf6 6. Be2 Be7 7. O-O O-O 8. c4
Qd8 9. Nc3 Nc6 10. Bf4 Nh5 11. Be3 cxd4 12. Nxd4 Nxd4 13. Qxd4 Qxd4 14. Bxd4
Rd8 15. Be3 Nf6 16. Nb5 a6 17. Nc3 Bd7 18. Bf3 Bc6 19. Bxc6 bxc6 20. Rad1 Rab8
21. b3 e5 22. Na4 Ng4 23. Bb6 Rxd1 24. Rxd1 Rb7 25. Bc5 f6 26. h3 Nh6 27. Bxe7
Rxe7 28. Nc5 Nf7 29. Nxa6 Ra7 30. Nb4 c5 31. Nd3 Rxa2 32. Nxc5 Rb2 33. Rd3 g6
34. Na4 Rb1+ 35. Kh2 e4 36. Rc3 Nd8 37. Nc5 f5 38. f3 exf3 39. Rxf3 Kg7 40. Rd3
Nf7 41. Rc3 Ne5 42. Ne6+ Kf6 43. Nf4 g5 44. Nd3 Nxd3 45. Rxd3 Ke6 46. Kg3 h5
47. Kf3 Rb2 48. g3 Rb1 49. h4 gxh4 50. gxh4 Ke5 51. Rd5+ Ke6 52. Rb5 Rh1 53.
Kg3 Rg1+ 54. Kh2 Rg4 55. Kh3 Re4 56. Rb8 Re3+ 57. Kg2 Rc3 1/2-1/2

[Event "FRA T II 20102011"]
[Site "FRA"]
[Date "2010.11.13"]
[Round "2.5"]
[White "Martine, Jean Christophe"]
[Black "Champault, Pierre Emmanuel"]
[Result "1/2-1/2"]
[WhiteElo "2135"]
[BlackElo "2198"]
[PlyCount "107"]
[EventDate "2010.11.13"]
[EventType "team-match"]
[EventRounds "9"]
[EventCountry "FRA"]
[Source "FFE"]
[SourceDate "2010.10.29"]
[WhiteTeamCountry "FRA"]
[BlackTeamCountry "FRA"]

1. d4 d5 2. Nf3 Nf6 3. Nbd2 e6 4. e3 c5 5. c3 Nc6 6. Bd3 Bd6 7. O-O O-O 8. dxc5
Bxc5 9. e4 Qc7 10. Qe2 dxe4 11. Nxe4 Be7 12. Nfg5 g6 13. Nxf6+ Bxf6 14. Ne4 Bg7
15. f4 Ne7 16. Be3 Nd5 17. Bc5 Rd8 18. Be3 Nxe3 19. Qxe3 Bd7 20. Rad1 Bc6 21.
Ng5 h6 22. Nf3 Bxf3 23. Qxf3 Qb6+ 24. Qf2 Qxf2+ 25. Kxf2 Rac8 26. Be4 b6 27.
Ke2 Kf8 28. Rxd8+ Rxd8 29. Rd1 Rxd1 30. Kxd1 Ke7 31. Bc6 e5 32. fxe5 Bxe5 33.
h3 f5 34. Ke2 g5 35. Bf3 Kd6 36. Kd3 Kc5 37. b4+ Kd6 38. a4 a5 39. Kc4 Bf6 40.
Kb3 Be5 41. c4 axb4 42. Kxb4 Bd4 43. Kb5 Be3 44. Bh5 Bf2 45. Bg6 f4 46. Be8 Be3
47. Kb4 Bc5+ 48. Kc3 Ke5 49. Kd3 Bd6 50. Bh5 Bc5 51. Bf7 Kf6 52. Be8 Ke5 53.
Ke2 Kd4 54. Bb5 1/2-1/2

[Event "FRA T II 20102011"]
[Site "FRA"]
[Date "2010.11.14"]
[Round "3.4"]
[White "Gauthier, Arnaud"]
[Black "Kempinski, Andre"]
[Result "0-1"]
[WhiteElo "2037"]
[BlackElo "2078"]
[PlyCount "104"]
[EventDate "2010.11.13"]
[EventType "team-match"]
[EventRounds "9"]
[EventCountry "FRA"]
[Source "FFE"]
[SourceDate "2010.10.29"]
[WhiteTeamCountry "FRA"]
[BlackTeamCountry "FRA"]

1. e4 c5 2. Nf3 d6 3. d4 cxd4 4. Nxd4 Nf6 5. Nc3 a6 6. Bg5 e6 7. f4 Qc7 8. Bxf6
gxf6 9. Qh5 Qc5 10. Qxc5 dxc5 11. Nb3 b5 12. Be2 Ra7 13. O-O c4 14. Nd2 Rd7 15.
Rad1 Bc5+ 16. Kh1 Nc6 17. a4 Nd4 18. axb5 axb5 19. Nf3 Nxe2 20. Nxe2 Bb7 21.
Ng3 h5 22. h4 Be3 23. f5 Rxd1 24. Rxd1 Bf2 25. Ne2 Bxe4 26. fxe6 fxe6 27. Ned4
Bxd4 28. Nxd4 Rg8 29. Rd2 Ke7 30. Nxb5 Rg4 31. Nc3 Bc6 32. Nd1 Rxh4+ 33. Kg1
Re4 34. Kf2 h4 35. Ne3 Rf4+ 36. Kg1 e5 37. Rd1 Ke6 38. Rd2 f5 39. Kh2 Re4 40.
Nd1 Re1 41. Nf2 e4 42. Nh3 Ke5 43. Ng1 f4 44. Rd8 Rc1 45. Rd2 f3 46. gxf3 exf3
47. Rf2 Kf4 48. Ne2+ Ke3 49. Nxc1 Kxf2 50. b3 Ke3 51. Kg1 f2+ 52. Kf1 h3 0-1

[Event "FRA T II 20102011"]
[Site "FRA"]
[Date "2010.11.13"]
[Round "2.8"]
[White "Miller, Sophie"]
[Black "Rigolot, Lucie"]
[Result "1/2-1/2"]
[WhiteElo "1635"]
[BlackElo "1952"]
[PlyCount "101"]
[EventDate "2010.11.13"]
[EventType "team-match"]
[EventRounds "9"]
[EventCountry "FRA"]
[Source "FFE"]
[SourceDate "2010.10.29"]
[WhiteTeamCountry "FRA"]
[BlackTeamCountry "FRA"]

1. d4 d5 2. Nf3 e6 3. e3 c5 4. b3 Nc6 5. Bb2 Nf6 6. Bd3 Bd6 7. Nbd2 O-O 8. O-O
Re8 9. Ne5 Qb6 10. dxc5 Qxc5 11. Nxc6 Qxc6 12. Bxf6 gxf6 13. Qh5 f5 14. f4 Qc3
15. Rad1 Qf6 16. Rf3 h6 17. Rg3+ Kh8 18. Nf3 Bf8 19. Ne5 Re7 20. c4 Bg7 21.
cxd5 exd5 22. Rh3 Kg8 23. g4 fxg4 24. Nxg4 Bxg4 25. Qxg4 a6 26. Rg3 Kh8 27. Qf5
Qxf5 28. Bxf5 Rc7 29. Rxd5 Re8 30. Kf2 Kg8 31. Rd6 Kf8 32. Rg1 Rc3 33. Re1 Rc7
34. Kf3 Ke7 35. Rb6 Rd8 36. Be4 Rd2 37. Re2 Rdd7 38. h3 f6 39. Bf5 Rd6 40. Rxd6
Kxd6 41. Rd2+ Ke7 42. Rc2 Rxc2 43. Bxc2 Ke6 44. e4 Bf8 45. Kg4 Bd6 46. Bd3 a5
47. Bc4+ Ke7 48. Kf5 b6 49. e5 fxe5 50. fxe5 Bc5 51. Kg6 1/2-1/2

[Event "FRA T II 20102011"]
[Site "FRA"]
[Date "2010.11.14"]
[Round "3.4"]
[White "Cappon, John"]
[Black "Mancini, Mario"]
[Result "1/2-1/2"]
[WhiteElo "2242"]
[BlackElo "2254"]
[PlyCount "98"]
[EventDate "2010.11.13"]
[EventType "team-match"]
[EventRounds "9"]
[EventCountry "FRA"]
[Source "FFE"]
[SourceDate "2010.10.29"]
[WhiteTeamCountry "FRA"]
[BlackTeamCountry "FRA"]

1. e4 c5 2. Nf3 e6 3. c3 d5 4. exd5 exd5 5. d4 Nf6 6. Bb5+ Nc6 7. O-O Be7 8.
dxc5 Bxc5 9. Bg5 Be6 10. Nbd2 O-O 11. Nb3 Be7 12. Nbd4 Qd6 13. Re1 Rfe8 14. Qd3
Rad8 15. Nf5 Bxf5 16. Qxf5 Ne4 17. Be3 g6 18. Qh3 a6 19. Bf1 Bf6 20. Rad1 Qc7
21. Nd4 Ne5 22. f3 Nd6 23. Qg3 Nec4 24. Bc1 Qb6 25. Rxe8+ Rxe8 26. Qf2 Qc7 27.
Nb3 Qc6 28. Qc5 Qxc5+ 29. Nxc5 Nb6 30. Kf2 Re7 31. Nb3 Ndc4 32. Bxc4 dxc4 33.
Bh6 Rd7 34. Re1 Be7 35. Nd2 Bc5+ 36. Kf1 f5 37. Re2 Kf7 38. g3 Re7 39. Bg5 Rxe2
40. Kxe2 Ke6 41. Bd8 Kd5 42. b3 cxb3 43. axb3 Nd7 44. Bg5 Bf8 45. Be3 Bg7 46.
Kd3 Nc5+ 47. Kc2 Be5 48. Bf2 Bc7 49. c4+ Kc6 1/2-1/2

[Event "FRA T II 20102011"]
[Site "FRA"]
[Date "2010.11.14"]
[Round "3.4"]
[White "Rouze, Xavier"]
[Black "Blazquez, Denis"]
[Result "0-1"]
[WhiteElo "2061"]
[BlackElo "2178"]
[PlyCount "98"]
[EventDate "2010.11.13"]
[EventType "team-match"]
[EventRounds "9"]
[EventCountry "FRA"]
[Source "FFE"]
[SourceDate "2010.10.29"]
[WhiteTeamCountry "FRA"]
[BlackTeamCountry "FRA"]

1. d4 Nf6 2. Nf3 e6 3. e3 b6 4. Bd3 Bb7 5. O-O c5 6. c4 Be7 7. Nc3 O-O 8. d5 d6
9. e4 e5 10. Ne2 Bc8 11. h3 Ne8 12. Ng3 g6 13. Bh6 Ng7 14. Qc2 Na6 15. a3 Nc7
16. Rab1 Bh4 17. Nxh4 Qxh4 18. Qd2 Qe7 19. f4 f6 20. fxe5 Qxe5 21. Bf4 Qe7 22.
Rbe1 Ba6 23. b4 Qd7 24. Be2 Rad8 25. Qc3 Rf7 26. Bh6 Nce8 27. Bg4 Qe7 28. Bf4
Bc8 29. Bxc8 Rxc8 30. bxc5 bxc5 31. Qa5 h5 32. h4 Qd7 33. Qa6 Qb7 34. Qa4 Rb8
35. Rb1 Qxb1 36. Rxb1 Rxb1+ 37. Kh2 Rfb7 38. Bh6 Kh7 39. Bxg7 Nxg7 40. Qc6 R1b6
41. Qc8 Rf7 42. e5 dxe5 43. Ne4 Nf5 44. Qxc5 Nh6 45. Nd2 Rb2 46. Nf1 Rb1 47.
Ne3 f5 48. Qa5 f4 49. d6 fxe3 0-1

[Event "FRA T II 20102011"]
[Site "FRA"]
[Date "2010.11.14"]
[Round "3.3"]
[White "Rihouay, Clement"]
[Black "Velasco, Santiago"]
[Result "1/2-1/2"]
[WhiteElo "2230"]
[BlackElo "2287"]
[PlyCount "92"]
[EventDate "2010.11.13"]
[EventType "team-match"]
[EventRounds "9"]
[EventCountry "FRA"]
[Source "FFE"]
[SourceDate "2010.10.29"]
[WhiteTeamCountry "FRA"]
[BlackTeamCountry "FRA"]

1. e4 e5 2. Nf3 Nf6 3. Nxe5 d6 4. Nf3 Nxe4 5. c4 Be7 6. Nc3 Nxc3 7. dxc3 O-O 8.
Bd3 Re8 9. Be3 Nd7 10. Qc2 g6 11. O-O-O Bf6 12. h4 Ne5 13. Nxe5 Bxe5 14. h5 Qf6
15. hxg6 hxg6 16. Rh6 Bf4 17. Bxf4 Qxf4+ 18. Qd2 Qxd2+ 19. Rxd2 Re1+ 20. Rd1
Rxd1+ 21. Kxd1 Bg4+ 22. Be2 Bh5 23. g4 Kg7 24. g5 Bxe2+ 25. Kxe2 Re8+ 26. Kd3
f6 27. Rh3 fxg5 28. b3 Re5 29. f3 Re1 30. Rh2 Rg1 31. Re2 Kf6 32. Rh2 Re1 33.
Rh8 Re7 34. Ra8 a6 35. Rb8 c6 36. Rd8 Ke5 37. Ke3 Ke6 38. Kf2 Rd7 39. Rb8 d5
40. cxd5+ Kxd5 41. Rg8 Rd6 42. Rb8 b5 43. Rb6 a5 44. Ra6 Kc5 45. Ke3 Re6+ 46.
Kd3 Rd6+ 1/2-1/2

[Event "FRA T II 20102011"]
[Site "FRA"]
[Date "2010.11.14"]
[Round "3.8"]
[White "vinckier, Delphine"]
[Black "Rigolot, Lucie"]
[Result "0-1"]
[WhiteElo "1829"]
[BlackElo "1952"]
[PlyCount "86"]
[EventDate "2010.11.13"]
[EventType "team-match"]
[EventRounds "9"]
[EventCountry "FRA"]
[Source "FFE"]
[SourceDate "2010.10.29"]
[WhiteTeamCountry "FRA"]
[BlackTeamCountry "FRA"]

1. e4 c5 2. Nc3 a6 3. g3 b5 4. Bg2 Bb7 5. d3 g6 6. f4 Bg7 7. Nh3 Qa5 8. Qd2 b4
9. Ne2 Qb6 10. Nf2 Nc6 11. c3 a5 12. O-O d6 13. Qc2 Nf6 14. Be3 Nd7 15. Bh3 Rd8
16. Ng4 O-O 17. f5 h5 18. Nh6+ Kh7 19. fxg6+ fxg6 20. Nf7 Rxf7 21. Rxf7 Nf6 22.
Nf4 Kg8 23. Rxg7+ Kxg7 24. Ne6+ Kh7 25. Nxd8 Qxd8 26. Rf1 Bc8 27. Bxc8 Qxc8 28.
d4 cxd4 29. cxd4 Qd7 30. Rc1 Nd8 31. Qc7 Qe8 32. Qxa5 Ne6 33. Qxb4 Nxe4 34. Qb7
Nf6 35. d5 Ng7 36. Rc7 Nf5 37. Bg5 Ng8 38. a4 Qxa4 39. Qc6 Qd4+ 40. Kg2 Qe4+
41. Kg1 Qe1+ 42. Kg2 Qe2+ 43. Kg1 Nd4 0-1

[Event "FRA T II 20102011"]
[Site "FRA"]
[Date "2010.11.14"]
[Round "3.6"]
[White "Le Hay, Thierry"]
[Black "Vilpoux, Jeremie"]
[Result "1-0"]
[WhiteElo "2024"]
[BlackElo "2141"]
[PlyCount "83"]
[EventDate "2010.11.13"]
[EventType "team-match"]
[EventRounds "9"]
[EventCountry "FRA"]
[Source "FFE"]
[SourceDate "2010.10.29"]
[WhiteTeamCountry "FRA"]
[BlackTeamCountry "FRA"]

1. d4 Nf6 2. c4 d6 3. Nc3 e5 4. Bg5 Be7 5. Nf3 Nbd7 6. e3 O-O 7. Be2 Re8 8. O-O
c6 9. Qc2 Qc7 10. Rac1 Bf8 11. b4 g6 12. d5 c5 13. bxc5 Qxc5 14. e4 Qc7 15. Nd2
Bg7 16. Nb5 Qb8 17. Nb3 b6 18. f3 a6 19. Nc3 Qc7 20. Be3 Nc5 21. Rb1 Nfd7 22.
Nxc5 Nxc5 23. Na4 Rb8 24. Nxc5 bxc5 25. Rxb8 Qxb8 26. Rb1 Qc7 27. Qa4 Rf8 28.
Qb3 Bf6 29. Bh6 Re8 30. Qa4 Re7 31. Bd2 Bb7 32. Qa5 Qc8 33. Bd1 Ba8 34. Rb6 Rd7
35. Qxa6 Bb7 36. Qa4 Bd8 37. Rb1 f5 38. exf5 gxf5 39. Bc2 Rf7 40. Qe8+ Kg7 41.
Bh6+ Kg6 42. Qg8+ 1-0

[Event "FRA T II 20102011"]
[Site "FRA"]
[Date "2010.11.13"]
[Round "2.3"]
[White "Rihouay, Clement"]
[Black "Girard, Eric"]
[Result "1-0"]
[WhiteElo "2230"]
[BlackElo "2186"]
[PlyCount "83"]
[EventDate "2010.11.13"]
[EventType "team-match"]
[EventRounds "9"]
[EventCountry "FRA"]
[Source "FFE"]
[SourceDate "2010.10.29"]
[WhiteTeamCountry "FRA"]
[BlackTeamCountry "FRA"]

1. e4 e6 2. d4 d5 3. Nc3 Bb4 4. Qd3 dxe4 5. Qxe4 Qd5 6. Qg4 Kf8 7. Bd2 Bxc3 8.
Bxc3 Nf6 9. Qf4 Qe4+ 10. Qxe4 Nxe4 11. Bb4+ Kg8 12. Bd3 Nc6 13. Ba3 Nf6 14. Nf3
Nd5 15. c3 f6 16. O-O-O Kf7 17. h4 Bd7 18. Rhe1 Rad8 19. g3 h5 20. Be4 Rhe8 21.
c4 Nde7 22. b3 b6 23. Ng1 a5 24. Ne2 Nb4 25. Bxb4 axb4 26. Nf4 g6 27. Nd3 Bc6
28. Nxb4 Bxe4 29. Rxe4 Rd6 30. Rde1 Nf5 31. d5 e5 32. Nc6 Ra8 33. a4 Nh6 34. f4
exf4 35. Re7+ Kf8 36. gxf4 Nf5 37. Rxc7 Re8 38. Rxe8+ Kxe8 39. b4 Nxh4 40. a5
bxa5 41. bxa5 Nf3 42. a6 1-0

[Event "FRA T II 20102011"]
[Site "FRA"]
[Date "2010.11.13"]
[Round "2.4"]
[White "Rouze, Xavier"]
[Black "Mancini, Mario"]
[Result "0-1"]
[WhiteElo "2061"]
[BlackElo "2254"]
[PlyCount "84"]
[EventDate "2010.11.13"]
[EventType "team-match"]
[EventRounds "9"]
[EventCountry "FRA"]
[Source "FFE"]
[SourceDate "2010.10.29"]
[WhiteTeamCountry "FRA"]
[BlackTeamCountry "FRA"]

1. d4 Nf6 2. Nf3 e6 3. e3 b6 4. c4 Bb7 5. Bd3 Be7 6. O-O O-O 7. Nc3 d5 8. Ne5
c5 9. Qf3 Nc6 10. Nxc6 Bxc6 11. cxd5 Nxd5 12. Nxd5 Qxd5 13. Qxd5 Bxd5 14. dxc5
Bxc5 15. b3 Rfd8 16. Rd1 Be4 17. Be2 Rxd1+ 18. Bxd1 Rd8 19. Bb2 h6 20. Bc3 Ba3
21. f3 Bd3 22. b4 Rc8 23. Bd4 Bxb4 24. Bb3 Ba3 25. Kf2 Rc1 26. Rxc1 Bxc1 27.
Be5 Ba3 28. Bb8 a5 29. Bc7 Bc5 30. a4 Kf8 31. Be5 f6 32. Bd4 Ke7 33. Ke1 Kd6
34. Kd2 Bf1 35. g3 e5 36. Bc3 Kc6 37. Bf7 Ba3 38. Ke1 Bd3 39. Kd2 Bf5 40. Bc4
Kc5 41. Bb5 Bb4 42. Ba6 Bd7 0-1

[Event "FRA T II 20102011"]
[Site "FRA"]
[Date "2010.11.13"]
[Round "2.6"]
[White "Thely, Ludovic"]
[Black "Ladisic, Alex Sacha"]
[Result "1/2-1/2"]
[WhiteElo "2154"]
[BlackElo "2055"]
[PlyCount "83"]
[EventDate "2010.11.13"]
[EventType "team-match"]
[EventRounds "9"]
[EventCountry "FRA"]
[Source "FFE"]
[SourceDate "2010.10.29"]
[WhiteTeamCountry "FRA"]
[BlackTeamCountry "FRA"]

1. e4 e5 2. Nf3 Nc6 3. Bb5 a6 4. Bxc6 dxc6 5. O-O f6 6. d4 exd4 7. Qxd4 Qxd4 8.
Nxd4 c5 9. Nb3 Bd7 10. Be3 b6 11. a4 Ne7 12. N1d2 Nc6 13. a5 Be6 14. c3 Bxb3
15. Nxb3 c4 16. Nd4 Nxa5 17. Bf4 O-O-O 18. Ne6 Re8 19. Nxc7 Rxe4 20. Bg3 Be7
21. Rfe1 Rxe1+ 22. Rxe1 Rd8 23. Kf1 Rd7 24. Nxa6 Bd8 25. Bf4 Kb7 26. Nb4 Nc6
27. Nc2 b5 28. Na3 Rd5 29. Re8 Be7 30. Rg8 Bxa3 31. bxa3 Rd7 32. Ke2 Nd8 33.
Rh8 h6 34. Rh7 Kc6 35. Rh8 Ne6 36. Bd2 Rd8 37. Rxd8 Nxd8 38. Ke3 Kd5 39. h4 h5
40. f3 Nc6 41. Kf4 Ke6 42. Be3 1/2-1/2

[Event "FRA T II 20102011"]
[Site "FRA"]
[Date "2010.11.13"]
[Round "2.8"]
[White "Guez, Fabien"]
[Black "Morais, Mario"]
[Result "1-0"]
[WhiteElo "2037"]
[BlackElo "2050"]
[PlyCount "81"]
[EventDate "2010.11.13"]
[EventType "team-match"]
[EventRounds "9"]
[EventCountry "FRA"]
[Source "FFE"]
[SourceDate "2010.10.29"]
[WhiteTeamCountry "FRA"]
[BlackTeamCountry "FRA"]

1. e4 c5 2. Nf3 e6 3. d4 cxd4 4. Nxd4 Nc6 5. Nc3 Qc7 6. Be3 a6 7. Be2 Nf6 8.
O-O Bb4 9. Na4 O-O 10. Nxc6 bxc6 11. Nb6 Rb8 12. Nxc8 Qxc8 13. e5 Nd5 14. Bc1
f6 15. c4 Ne7 16. a3 Ba5 17. exf6 Rxf6 18. Bg5 Rf7 19. b4 Bc7 20. Rc1 d6 21.
Bh5 g6 22. Bf3 d5 23. cxd5 cxd5 24. Bg4 Nf5 25. Re1 Qd7 26. g3 a5 27. Rxc7 Qxc7
28. Bf4 Qb6 29. bxa5 Qb2 30. Bxb8 Qxb8 31. Rxe6 Qa7 32. Bf3 d4 33. Bd5 Kg7 34.
a6 Qc5 35. Be4 Qxa3 36. Bxf5 Rxf5 37. Qxd4+ Kh6 38. Qe3+ Qxe3 39. Rxe3 Ra5 40.
Re6 Kg5 41. Re5+ 1-0

[Event "FRA T II 20102011"]
[Site "FRA"]
[Date "2010.11.13"]
[Round "2.5"]
[White "Migot, Tangi"]
[Black "Broutin, Philippe"]
[Result "1-0"]
[WhiteElo "2250"]
[BlackElo "2053"]
[PlyCount "79"]
[EventDate "2010.11.13"]
[EventType "team-match"]
[EventRounds "9"]
[EventCountry "FRA"]
[Source "FFE"]
[SourceDate "2010.10.29"]
[WhiteTeamCountry "FRA"]
[BlackTeamCountry "FRA"]

1. e4 d5 2. exd5 Qxd5 3. Nc3 Qa5 4. d4 Nf6 5. Nf3 Nc6 6. Bb5 Nd5 7. O-O Nxc3 8.
Bxc6+ bxc6 9. bxc3 Bg4 10. Qd3 Bf5 11. Qc4 Qb5 12. Qb3 e6 13. c4 Qxb3 14. cxb3
f6 15. Re1 Bb4 16. Re3 Kf7 17. c5 Ba5 18. a3 Rhb8 19. b4 Bxb4 20. axb4 Rxb4 21.
Bd2 Rb7 22. Bc3 g5 23. Nd2 Ke7 24. f3 h5 25. Kf2 g4 26. Ra4 Kd7 27. Rb4 Rxb4
28. Bxb4 a5 29. Ra3 a4 30. fxg4 hxg4 31. Kg3 e5 32. dxe5 fxe5 33. Nc4 Ke6 34.
Ne3 Rd8 35. Ba5 Rd4 36. Bxc7 Rd3 37. Rxd3 Bxd3 38. Nxg4 a3 39. Ba5 a2 40. Bc3
1-0

[Event "FRA T II 20102011"]
[Site "FRA"]
[Date "2010.11.14"]
[Round "3.6"]
[White "Iasoni, Robert"]
[Black "Bolon, Karelle"]
[Result "1-0"]
[WhiteElo "2078"]
[BlackElo "2125"]
[PlyCount "77"]
[EventDate "2010.11.13"]
[EventType "team-match"]
[EventRounds "9"]
[EventCountry "FRA"]
[Source "FFE"]
[SourceDate "2010.10.29"]
[WhiteTeamCountry "FRA"]
[BlackTeamCountry "FRA"]

1. d4 d5 2. Nf3 c6 3. e3 Nf6 4. Bd3 g6 5. O-O Bg7 6. Nbd2 O-O 7. b3 Nbd7 8. Bb2
e5 9. dxe5 Ng4 10. Rb1 Ndxe5 11. h3 Nxd3 12. cxd3 Nf6 13. Qe2 Re8 14. Rfe1 Bd7
15. Nf1 a5 16. Ng3 a4 17. Bd4 axb3 18. Rxb3 b5 19. Rc1 Ra6 20. Qb2 h6 21. Ne5
Re6 22. f4 h5 23. f5 gxf5 24. Nxd7 Qxd7 25. Nxf5 Qd8 26. Qf2 Bf8 27. Rf1 c5 28.
Qg3+ Kh7 29. Bxc5 Ne4 30. dxe4 Rg6 31. Qf3 Bxc5 32. Qxh5+ Kg8 33. Rxb5 Qf8 34.
exd5 Rxa2 35. g4 Bxe3+ 36. Kh1 Bc5 37. g5 Qe8 38. Rxc5 Qb8 39. Rc8+ 1-0

[Event "FRA T II 20102011"]
[Site "FRA"]
[Date "2010.11.14"]
[Round "3.1"]
[White "Huerga Leache, Mikel"]
[Black "Ringoir, Tanguy"]
[Result "1/2-1/2"]
[WhiteElo "2415"]
[BlackElo "2379"]
[PlyCount "76"]
[EventDate "2010.11.13"]
[EventType "team-match"]
[EventRounds "9"]
[EventCountry "FRA"]
[Source "FFE"]
[SourceDate "2010.10.29"]
[WhiteTeamCountry "FRA"]
[BlackTeamCountry "FRA"]

1. e4 c6 2. d4 d5 3. Nc3 dxe4 4. Nxe4 Bf5 5. Ng3 Bg6 6. h4 h6 7. Nf3 Nd7 8. h5
Bh7 9. Bd3 Bxd3 10. Qxd3 e6 11. Bd2 Ngf6 12. O-O-O Be7 13. Rhe1 O-O 14. Qe2 c5
15. Nf5 exf5 16. Qxe7 Nxh5 17. Nh4 g6 18. Bxh6 Re8 19. Qxe8+ Qxe8 20. Rxe8+
Rxe8 21. dxc5 Nxc5 22. Be3 b6 23. Nf3 Nf6 24. Ng5 Ng4 25. Bd4 f6 26. Nh3 Ne6
27. Bc3 Kf7 28. Rd7+ Re7 29. Rxe7+ Kxe7 30. Kd2 g5 31. b3 Kd6 32. g3 Kd5 33. f3
Ne5 34. Ke3 Nxf3 35. Bxf6 g4 36. Nf4+ Nxf4 37. Kxf4 Ke6 38. Bc3 b5 1/2-1/2

[Event "FRA T II 20102011"]
[Site "FRA"]
[Date "2010.11.13"]
[Round "2.2"]
[White "Wallart, Adrien"]
[Black "Larino Nieto, David"]
[Result "1/2-1/2"]
[WhiteElo "2207"]
[BlackElo "2451"]
[PlyCount "67"]
[EventDate "2010.11.13"]
[EventType "team-match"]
[EventRounds "9"]
[EventCountry "FRA"]
[Source "FFE"]
[SourceDate "2010.10.29"]
[WhiteTeamCountry "FRA"]
[BlackTeamCountry "FRA"]

1. c4 e5 2. g3 Nc6 3. Nc3 g6 4. Bg2 Bg7 5. Nf3 f5 6. d3 h6 7. O-O Nf6 8. Rb1 d6
9. b4 g5 10. b5 Ne7 11. Bb2 Be6 12. Nd2 c6 13. bxc6 bxc6 14. Qa4 O-O 15. Ba3
Qc7 16. Qb4 Rfd8 17. Qb7 Rac8 18. Rb3 Rd7 19. Qa6 Qd8 20. Rfb1 Ne8 21. e4 f4
22. Rb7 g4 23. c5 f3 24. cxd6 Rxb7 25. Rxb7 Nxd6 26. Bxd6 Qxd6 27. Bf1 Rb8 28.
Nb5 Qd8 29. Nxa7 Rxb7 30. Qxb7 Qd6 31. Qa6 Bf7 32. Nc8 Qd7 33. Nxe7+ Qxe7 34.
Qxc6 1/2-1/2

[Event "FRA T II 20102011"]
[Site "FRA"]
[Date "2010.11.13"]
[Round "2.6"]
[White "Miller, Vincent"]
[Black "Vilpoux, Jeremie"]
[Result "1/2-1/2"]
[WhiteElo "2062"]
[BlackElo "2141"]
[PlyCount "65"]
[EventDate "2010.11.13"]
[EventType "team-match"]
[EventRounds "9"]
[EventCountry "FRA"]
[Source "FFE"]
[SourceDate "2010.10.29"]
[WhiteTeamCountry "FRA"]
[BlackTeamCountry "FRA"]

1. Nf3 c5 2. e4 Nc6 3. Bb5 g6 4. Bxc6 dxc6 5. O-O Bg7 6. d3 Nf6 7. Nc3 Nd7 8.
Be3 O-O 9. a4 a5 10. Qb1 e5 11. Qa2 b6 12. Ne2 Qe7 13. Bg5 Bf6 14. Bxf6 Qxf6
15. Qb3 Rb8 16. Nd2 Kg7 17. Nc4 Ba6 18. f4 exf4 19. Rxf4 Qe6 20. Raf1 Bxc4 21.
dxc4 Ne5 22. Qc3 f6 23. b3 Rbd8 24. Qe3 Rd6 25. Ng3 Re8 26. Rh4 Nf7 27. Rhf4
Qe5 28. Qf3 Ree6 29. Qg4 Qg5 30. Qxg5 Nxg5 31. h4 Nf7 32. Rg4 Rd2 33. Nh5+
1/2-1/2

[Event "FRA T II 20102011"]
[Site "FRA"]
[Date "2010.11.13"]
[Round "2.2"]
[White "Calistri, Tristan"]
[Black "Sanchis, Antoine"]
[Result "1-0"]
[WhiteElo "2390"]
[BlackElo "2241"]
[PlyCount "63"]
[EventDate "2010.11.13"]
[EventType "team-match"]
[EventRounds "9"]
[EventCountry "FRA"]
[Source "FFE"]
[SourceDate "2010.10.29"]
[WhiteTeamCountry "FRA"]
[BlackTeamCountry "FRA"]

1. e4 e6 2. d4 d5 3. Nc3 Bb4 4. e5 c5 5. a3 Bxc3+ 6. bxc3 Ne7 7. Qg4 Qc7 8.
Qxg7 Rg8 9. Qxh7 cxd4 10. Ne2 Nbc6 11. f4 Bd7 12. Qd3 dxc3 13. Qxc3 Rc8 14. Bd2
Nf5 15. Rb1 b6 16. Rg1 Qd8 17. Qh3 Qe7 18. g4 Nh4 19. Rg3 Rh8 20. Rc3 f6 21.
exf6 Qxf6 22. Qd3 d4 23. Rc4 e5 24. f5 Nxf5 25. gxf5 Bxf5 26. Qf3 e4 27. Qf4 e3
28. Bxe3 dxe3 29. Ng3 Rf8 30. Qxf5 Qxf5 31. Nxf5 Rxf5 32. Bh3 1-0

[Event "FRA T II 20102011"]
[Site "FRA"]
[Date "2010.11.13"]
[Round "2.1"]
[White "Grimberg, Gilbert"]
[Black "Bouchet, Nicolas"]
[Result "1/2-1/2"]
[WhiteElo "2294"]
[BlackElo "2315"]
[PlyCount "63"]
[EventDate "2010.11.13"]
[EventType "team-match"]
[EventRounds "9"]
[EventCountry "FRA"]
[Source "FFE"]
[SourceDate "2010.10.29"]
[WhiteTeamCountry "FRA"]
[BlackTeamCountry "FRA"]

1. c4 c6 2. Nf3 d5 3. cxd5 cxd5 4. d4 Nf6 5. Nc3 Nc6 6. Bf4 Bf5 7. e3 e6 8. Ne5
Bd6 9. Bb5 Bxe5 10. Bxe5 O-O 11. Bxc6 bxc6 12. O-O Qe7 13. Bxf6 Qxf6 14. Rc1 e5
15. dxe5 Qxe5 16. Qd4 Qxd4 17. exd4 Rab8 18. b3 Rb4 19. Rfd1 Re8 20. f3 g5 21.
Kf2 Re6 22. Na4 Rh6 23. h3 Rh4 24. Ke3 Rh6 25. Nc5 Kf8 26. Re1 Rh4 27. Rcd1 h5
28. Rd2 Rb8 29. Kf2 Re8 30. Rh1 Bc8 31. Kg3 Ke7 32. Re1+ 1/2-1/2